[Event "LBN-ch"]
[Site "Beirut"]
[Date "2023.11.06"]
[Round "6"]
[White "Kaloust, Giorgio"]
[Black "Iskandarian, Edward"]
[Result "1-0"]
[WhiteElo "2008"]
[BlackElo "1675"]
[PlyCount "121"]
[EventDate "2023.10.30"]
[EventType "swiss"]
[EventRounds "9"]
[EventCountry "LBN"]
[SourceTitle "CB46_2023"]
[SourceDate "2023.11.15"]
[SourceVersion "1"]
[SourceVersionDate "2023.11.15"]
[SourceQuality "1"]

1. c4 c5 2. Nc3 Nf6 3. g3 Nc6 4. Bg2 e6 5. e4 d6 6. Nge2 a6 7. 0-0 Be7 8. d3 0-0 9. f4 Qc7 10. h3 h6 11. Be3 Rb8 12. g4 Nh7 13. f5 Bf6 14. Kh1 b5 15. Qd2 bxc4 16. dxc4 Ne5 17. b3 Bb7 18. Rad1 Rbd8 19. Nf4 Qe7 20. Qc1 Rfe8 21. Bg1 Bc6 22. Bh2 Rd7 23. Qc2 Bb7 24. Nd3 Nxd3 25. Rxd3 Bxc3 26. Rxc3 exf5 27. exf5 d5 28. cxd5 Bxd5 29. Rxc5 Bxg2+ 30. Kxg2 Qe3 31. Bf4 Qd4 32. Qc4 Qb2+ 33. Rf2 Qa1 34. Rc8 Rxc8 35. Qxc8+ Nf8 36. Qxa6 Rd1 37. Bh2 Qd4 38. Qa8 Kh7 39. Re2 Nd7 40. Qe4 Qxe4+ 41. Rxe4 Rd2+ 42. Kg1 Rxa2 43. Re7 Nc5 44. Rxf7 Kg8 45. Rc7 Ra1+ 46. Kg2 Ra2+ 47. Kg3 Ne4+ 48. Kf4 Ng5 49. h4 Rf2+ 50. Ke3 Rxh2 51. hxg5 Rh3+ 52. Kf4 Rxb3 53. gxh6 Rb4+ 54. Kg5 gxh6+ 55. Kh5 Rf4 56. Re7 Kh8 57. Kxh6 Rxg4 58. Re8+ Rg8 59. Rxg8+ Kxg8 60. Kg6 Kf8 61. Kf6 1-0

[Event "LBN-ch"]
[Site "Beirut"]
[Date "2023.11.03"]
[Round "4"]
[White "Kaloust, Giorgio"]
[Black "Ferzli, Dany Michael"]
[Result "0-1"]
[WhiteElo "2008"]
[BlackElo "1701"]
[PlyCount "154"]
[EventDate "2023.10.30"]
[EventType "swiss"]
[EventRounds "9"]
[EventCountry "LBN"]
[SourceTitle "CB46_2023"]
[SourceDate "2023.11.15"]
[SourceVersion "1"]
[SourceVersionDate "2023.11.15"]
[SourceQuality "1"]

1. d4 Nf6 2. Nf3 d5 3. g3 e6 4. Bg2 Be7 5. c4 0-0 6. 0-0 c6 7. Nc3 b6 8. Ne5 Bb7 9. e4 dxc4 10. Nxc4 Ba6 11. b3 b5 12. Ne3 b4 13. Ne2 Bxe2 14. Qxe2 Qxd4 15. Bb2 Qb6 16. Nc4 Qb5 17. e5 Nd5 18. Rad1 a5 19. h4 a4 20. Be4 axb3 21. axb3 Nd7 22. Qc2 h6 23. Rfe1 Nc5 24. Bg2 Rfd8 25. Bd4 Nd7 26. Re4 Bc5 27. Bb2 Be7 28. Red4 Nc5 29. Bf1 Qb8 30. Bg2 Qc7 31. Kh2 Nd7 32. Re4 Nc5 33. Red4 Nd7 34. Re4 Ra2 35. Qb1 Ra7 36. Bd4 c5 37. Bb2 N7b6 38. Qc1 Ra2 39. Qb1 Ra7 40. Rd2 Nxc4 41. Rxc4 Nb6 42. Rxd8+ Qxd8 43. Rc1 Rd7 44. Kg1 c4 45. bxc4 Nxc4 46. Qa2 Nxb2 47. Qxb2 Rd2 48. Qb1 Bc5 49. Kh2 Qd4 50. Rf1 Qxe5 51. Qb3 Rxf2 52. Rd1 g6 53. Rd8+ Kg7 54. Rd1 Qb2 55. Qxb2+ Rxb2 56. Rd3 Ra2 57. Rb3 Ra3 58. Rb2 Bd6 59. h5 Bxg3+ 60. Kg1 Bd6 61. hxg6 fxg6 62. Be4 g5 63. Kg2 Kf6 64. Bc6 Ke5 65. Bd7 Re3 66. Rd2 Bc5 67. Ba4 Bd4 68. Rd1 b3 69. Be8 b2 70. Bg6 Kd5 71. Bb1 e5 72. Ba2+ Kc5 73. Bb1 h5 74. Bg6 h4 75. Bf5 g4 76. Kh2 Re2+ 77. Kh1 g3 0-1

[Event "LBN-ch"]
[Site "Beirut"]
[Date "2023.10.31"]
[Round "2"]
[White "Kaloust, Giorgio"]
[Black "Temraz, Samer"]
[Result "1-0"]
[WhiteElo "2008"]
[BlackElo "1351"]
[PlyCount "75"]
[EventDate "2023.10.30"]
[EventType "swiss"]
[EventRounds "9"]
[EventCountry "LBN"]
[SourceTitle "CB46_2023"]
[SourceDate "2023.11.15"]
[SourceVersion "1"]
[SourceVersionDate "2023.11.15"]
[SourceQuality "1"]

1. d4 d5 2. c4 Nf6 3. cxd5 Nxd5 4. e4 Nf6 5. Nc3 e6 6. Be3 Bb4 7. f3 0-0 8. Qc2 h6 9. Bc4 c6 10. a3 Ba5 11. Nge2 Nh7 12. 0-0-0 b5 13. Bd3 b4 14. axb4 Bxb4 15. e5 a5 16. Bxh7+ Kh8 17. Bd3 Ba6 18. h4 Bb5 19. Kd2 a4 20. Ke1 a3 21. Kf2 Nd7 22. Nxb5 cxb5 23. Bxb5 a2 24. Ra1 Nb6 25. Qb3 Nd5 26. Bc4 Nxe3 27. Qxe3 f5 28. Nf4 Qa5 29. Ng6+ Kh7 30. Nxf8+ Rxf8 31. Rxa2 Qc7 32. Bxe6 f4 33. Qd3+ Kh8 34. Qg6 Qb6 35. Rd1 Be7 36. Bf5 Bxh4+ 37. Kg1 Rxf5 38. Qxb6 1-0

[Event "Olympiad-44"]
[Site "Chennai"]
[Date "2022.08.02"]
[Round "5.1"]
[White "Kaloust, Giorgio"]
[Black "Ziska, Helgi Dam"]
[Result "0-1"]
[WhiteElo "1942"]
[BlackElo "2549"]
[PlyCount "76"]
[EventDate "2022.07.29"]
[EventType "team-swiss"]
[EventRounds "11"]
[EventCountry "IND"]
[SourceTitle "CBM 210"]
[Source "ChessBase"]
[SourceDate "2022.10.31"]
[SourceVersion "1"]
[SourceVersionDate "2022.10.31"]
[SourceQuality "1"]
[WhiteTeam "Lebanon"]
[BlackTeam "Faroe Islands"]
[WhiteTeamCountry "LBN"]
[BlackTeamCountry "FAI"]

1. d4 g6 2. Nf3 Bg7 3. c4 Nf6 4. g3 0-0 5. Bg2 d6 6. 0-0 Nbd7 7. Nc3 e5 8. d5 a5 9. a3 Nb6 10. Qd3 Nfd7 11. e4 Nc5 12. Qc2 a4 13. Be3 Nb3 14. Rae1 Bd7 15. Bxb6 cxb6 16. Nd2 Nd4 17. Qd3 Rc8 18. Ne2 Nxe2+ 19. Qxe2 Bh6 20. Rc1 b5 21. cxb5 Qa5 22. Nc4 Qxb5 23. Rc3 Qa6 24. Rb1 b5 25. Ne3 Rxc3 26. bxc3 Rc8 27. Nd1 Qa7 28. Rb4 Bg5 29. Bf1 Bd8 30. Qd2 Ba5 31. Rb1 Rc5 32. Be2 Kg7 33. Kg2 Qc7 34. Qb2 Bxc3 35. Nxc3 Rxc3 36. Bxb5 Rb3 37. Qc1 Qxc1 38. Rxc1 Bxb5 0-1

[Event "Dekweneh Keshmat op"]
[Site "Dekweneh"]
[Date "2022.07.19"]
[Round "6"]
[White "Assaad, Antoine Joe"]
[Black "Kaloust, Giorgio"]
[Result "1-0"]
[WhiteElo "1846"]
[BlackElo "1942"]
[PlyCount "77"]
[EventDate "2022.07.13"]
[EventType "swiss"]
[EventRounds "9"]
[EventCountry "LBN"]
[SourceTitle "EXT 2023"]
[Source "ChessBase"]
[SourceDate "2022.10.05"]
[SourceVersion "1"]
[SourceVersionDate "2022.10.05"]
[SourceQuality "1"]

1. d4 Nf6 2. Bf4 d5 3. e3 Bf5 4. c4 e6 5. Nc3 c6 6. Qb3 Qc8 7. Nf3 Nbd7 8. Nh4 Be4 9. f3 dxc4 10. Bxc4 Bd5 11. Bxd5 Nxd5 12. Nxd5 exd5 13. Nf5 Nb6 14. Nd6+ Bxd6 15. Bxd6 Nc4 16. Ba3 Qe6 17. 0-0 0-0-0 18. Rfe1 Rhe8 19. Rac1 f5 20. Bc5 b6 21. Bb4 Qf6 22. Qc2 Kb7 23. Qf2 Nd6 24. a4 Re6 25. Bxd6 Rdxd6 26. b4 Rd8 27. b5 Rde8 28. Qd2 f4 29. e4 dxe4 30. d5 Rd6 31. bxc6+ Kc7 32. Rxe4 Rxe4 33. fxe4 Qe5 34. Qc3 Qg5 35. Rd1 Rg6 36. Qh3 Qd8 37. Qf3 Qd6 38. a5 b5 39. Qf2 1-0

[Event "Arab-ch U20"]
[Site "Baghdad"]
[Date "2022.03.16"]
[Round "8"]
[White "Rebaz, Nasir Jamal"]
[Black "Kaloust, Giorgio"]
[Result "0-1"]
[WhiteElo "1952"]
[BlackElo "1894"]
[PlyCount "136"]
[EventDate "2022.03.10"]
[EventType "tourn"]
[EventRounds "9"]
[EventCountry "IRQ"]
[SourceTitle "EXT 2023"]
[Source "ChessBase"]
[SourceDate "2022.10.05"]
[SourceVersion "1"]
[SourceVersionDate "2022.10.05"]
[SourceQuality "1"]

1. e4 c6 2. d4 d5 3. exd5 cxd5 4. c4 Nf6 5. Nf3 e6 6. Nc3 Bb4 7. Bd3 0-0 8. 0-0 dxc4 9. Bxc4 Nbd7 10. Bd3 b6 11. Bf4 Bb7 12. Rc1 a6 13. a3 Be7 14. Re1 Rc8 15. Qe2 b5 16. Ne5 Nb6 17. Red1 Nbd5 18. Bd2 Nxc3 19. Bxc3 Qd5 20. Nf3 Bd6 21. Re1 Bf4 22. Bd2 Bxd2 23. Qxd2 Rxc1 24. Qxc1 Qd6 25. Qc5 Rd8 26. Be2 Bxf3 27. Bxf3 Qxd4 28. Qc7 Qd6 29. Qb7 g6 30. g3 Nd5 31. Rd1 Rd7 32. Qc8+ Kg7 33. Qc2 Qe5 34. h4 Rc7 35. Qd2 Nf6 36. Kg2 Rd7 37. Qc2 Rxd1 38. Bxd1 Qe4+ 39. Kf1 Qxc2 40. Bxc2 Nd5 41. Bd3 Nc7 42. Ke2 Kf6 43. Ke3 Ke5 44. Bf1 Kd6 45. h5 gxh5 46. Be2 Nd5+ 47. Kd4 e5+ 48. Ke4 Ne7 49. Bxh5 f5+ 50. Kd3 e4+ 51. Kc3 Ke5 52. Bf7 Nd5+ 53. Kc2 Kd4 54. Kd2 a5 55. Be6 Ke5 56. Bg8 h6 57. Bh7 Ne7 58. Ke3 Kf6 59. g4 fxg4 60. Bxe4 Ke5 61. b4 axb4 62. axb4 Nd5+ 63. Bxd5 Kxd5 64. Kf4 h5 65. Kg5 Ke4 66. Kxh5 Kf3 67. Kg5 Kxf2 68. Kxg4 Ke3 0-1

[Event "Arab-ch U20"]
[Site "Baghdad"]
[Date "2022.03.14"]
[Round "6"]
[White "Barrani, Adem"]
[Black "Kaloust, Giorgio"]
[Result "0-1"]
[WhiteElo "1537"]
[BlackElo "1894"]
[PlyCount "124"]
[EventDate "2022.03.10"]
[EventType "tourn"]
[EventRounds "9"]
[EventCountry "IRQ"]
[SourceTitle "EXT 2023"]
[Source "ChessBase"]
[SourceDate "2022.10.05"]
[SourceVersion "1"]
[SourceVersionDate "2022.10.05"]
[SourceQuality "1"]

1. d4 Nf6 2. Bg5 d5 3. c4 e6 4. cxd5 exd5 5. Nc3 Be7 6. Qb3 c6 7. e3 0-0 8. Bd3 Nbd7 9. Nf3 Re8 10. 0-0 h6 11. Bh4 Ne4 12. Bxe7 Qxe7 13. Qc2 f5 14. Rae1 Rf8 15. Nd2 Nxd2 16. Qxd2 Nf6 17. f3 Bd7 18. Qc2 Rae8 19. Bxf5 Bxf5 20. Qxf5 Ne4 21. Qg4 Nxc3 22. bxc3 Qa3 23. Re2 Qxc3 24. Rfe1 Re7 25. Qg3 Rfe8 26. Qf2 Qd3 27. h3 b6 28. Rd2 Qg6 29. Kh2 Qd6+ 30. Kh1 c5 31. e4 dxe4 32. dxc5 Qxc5 33. Qxc5 bxc5 34. Rxe4 Rxe4 35. fxe4 Rxe4 36. Rd7 Ra4 37. Rc7 Ra5 38. Kh2 Kh7 39. Rc6 h5 40. Kg3 g6 41. h4 Kg7 42. Kh2 Kf7 43. Kh3 Ra3+ 44. Kh2 Ra5 45. Kh3 Ke7 46. Rxg6 Rxa2 47. Rg5 Ra3+ 48. g3 Kd6 49. Rxh5 c4 50. Rh8 Ra5 51. Rd8+ Ke5 52. Rc8 Kd4 53. Rd8+ Rd5 54. Rc8 c3 55. Rf8 c2 56. Rf1 Rc5 57. Rc1 a5 58. Kg4 a4 59. h5 Kd3 60. h6 a3 61. Kh4 Kd2 62. h7 Rc8 0-1

[Event "Arab-ch U20"]
[Site "Baghdad"]
[Date "2022.03.13"]
[Round "5"]
[White "Kaloust, Giorgio"]
[Black "Abed Elwahab, Masoud"]
[Result "1-0"]
[WhiteElo "1894"]
[BlackElo "1836"]
[PlyCount "99"]
[EventDate "2022.03.10"]
[EventType "tourn"]
[EventRounds "9"]
[EventCountry "IRQ"]
[SourceTitle "EXT 2023"]
[Source "ChessBase"]
[SourceDate "2022.10.05"]
[SourceVersion "1"]
[SourceVersionDate "2022.10.05"]
[SourceQuality "1"]

1. d4 Nf6 2. Nf3 g6 3. e3 Bg7 4. b3 c5 5. Bb2 cxd4 6. Nxd4 0-0 7. Be2 Nc6 8. 0-0 d6 9. c4 Bd7 10. Nc3 Qa5 11. Rc1 Rfc8 12. Bf3 Rab8 13. g3 a6 14. a3 b5 15. Nxc6 Bxc6 16. b4 Bxf3 17. Qxf3 Qb6 18. Nd5 Nxd5 19. Bxg7 Kxg7 20. Qxd5 e6 21. Qd3 Rxc4 22. Rxc4 bxc4 23. Qxc4 Qb5 24. Qd4+ Qe5 25. Qxe5+ dxe5 26. Rb1 e4 27. Kf1 Kf6 28. Ke2 Ke5 29. Rc1 Rb5 30. Rc7 a5 31. Rxf7 h5 32. Kf1 axb4 33. axb4 Rxb4 34. Kg2 Rb2 35. Kh3 g5 36. Kg2 g4 37. h3 Rb8 38. Rh7 gxh3+ 39. Kxh3 Rg8 40. Rxh5+ Kf6 41. g4 e5 42. Rh6+ Ke7 43. Rc6 Rh8+ 44. Kg3 Rh1 45. Rc4 Rg1+ 46. Kh3 Ke6 47. Rxe4 Kd5 48. Ra4 e4 49. Ra8 Kc4 50. Rd8 1-0

[Event "Beirut op 10th"]
[Site "Beirut"]
[Date "2019.05.03"]
[Round "9"]
[White "Kaloust, Giorgio"]
[Black "Sursock, Sameer"]
[Result "0-1"]
[WhiteElo "1919"]
[BlackElo "2048"]
[PlyCount "56"]
[EventDate "2019.04.25"]
[EventType "swiss"]
[EventRounds "9"]
[EventCountry "LBN"]
[SourceTitle "CBM 190 Extra"]
[Source "ChessBase"]
[SourceDate "2019.07.15"]
[SourceVersion "1"]
[SourceVersionDate "2019.07.15"]
[SourceQuality "1"]

1. d4 Nf6 2. c4 g6 3. Nc3 Bg7 4. e4 d6 5. f3 0-0 6. Be3 b6 7. Bd3 a6 8. Qd2 c5 9. e5 cxd4 10. Bxd4 dxe5 11. Bxe5 Nc6 12. Bg3 Nb4 13. Rd1 Be6 14. b3 Ra7 15. a3 Nxd3+ 16. Qxd3 Rd7 17. Qe3 Ng4 18. Rxd7 Nxe3 19. Rxd8 Rxd8 20. Ke2 Nxc4 21. Ne4 Nxa3 22. Bc7 Rd7 23. Bxb6 Bxb3 24. Nh3 Bc4+ 25. Kf2 f5 26. Nc5 Rd5 27. Nf4 Bd4+ 28. Kg3 Be5 0-1

[Event "Beirut op 10th"]
[Site "Beirut"]
[Date "2019.05.01"]
[Round "7"]
[White "Raetsky, Alexander"]
[Black "Kaloust, Giorgio"]
[Result "1-0"]
[WhiteElo "2394"]
[BlackElo "1919"]
[PlyCount "109"]
[EventDate "2019.04.25"]
[EventType "swiss"]
[EventRounds "9"]
[EventCountry "LBN"]
[SourceTitle "CBM 190 Extra"]
[Source "ChessBase"]
[SourceDate "2019.07.15"]
[SourceVersion "1"]
[SourceVersionDate "2019.07.15"]
[SourceQuality "1"]

1. d4 Nf6 2. c4 e6 3. g3 Bb4+ 4. Nd2 d5 5. Bg2 0-0 6. Qc2 b6 7. Ngf3 Bb7 8. cxd5 exd5 9. 0-0 Re8 10. Re1 Nbd7 11. a3 Bd6 12. b4 c5 13. bxc5 bxc5 14. dxc5 Nxc5 15. Bb2 Rc8 16. Bh3 Rb8 17. Nd4 Qb6 18. Nf5 Bf8 19. Bd4 Rbc8 20. Rab1 Ne6 21. Qd3 Ba6 22. Bxb6 Bxd3 23. exd3 axb6 24. Nf3 Rc3 25. Bf1 Rb8 26. a4 g6 27. N5d4 Nxd4 28. Nxd4 Bc5 29. Nb5 Rc2 30. d4 Bf8 31. Bd3 Rd2 32. Red1 Ra2 33. Ra1 Rxa1 34. Rxa1 Ne4 35. Nc7 Nd2 36. Nxd5 Nf3+ 37. Kg2 Nxd4 38. Rb1 Bc5 39. a5 b5 40. Nf6+ Kg7 41. Nd7 Rc8 42. Rc1 Ne6 43. Bxb5 Ra8 44. Nxc5 Nxc5 45. Rxc5 Rxa5 46. Rd5 h6 47. Bc6 Ra6 48. Bb7 Rf6 49. Rd7 g5 50. f3 Rb6 51. Bd5 Rf6 52. Kf2 Kg6 53. Ke3 Kg7 54. Ke4 Kg6 55. Rc7 1-0

[Event "Beirut op 10th"]
[Site "Beirut"]
[Date "2019.04.26"]
[Round "2"]
[White "Ivanov, Mikhail M"]
[Black "Kaloust, Giorgio"]
[Result "1-0"]
[WhiteElo "2372"]
[BlackElo "1919"]
[PlyCount "77"]
[EventDate "2019.04.25"]
[EventType "swiss"]
[EventRounds "9"]
[EventCountry "LBN"]
[SourceTitle "CBM 190 Extra"]
[Source "ChessBase"]
[SourceDate "2019.07.15"]
[SourceVersion "1"]
[SourceVersionDate "2019.07.15"]
[SourceQuality "1"]

1. c4 Nf6 2. g3 g6 3. Bg2 Bg7 4. b3 d5 5. Bb2 e6 6. Nf3 0-0 7. 0-0 b6 8. d4 Nbd7 9. Nc3 Bb7 10. Qc2 Rc8 11. Rfd1 c6 12. Rac1 Qc7 13. e3 Qb8 14. Qe2 Ba6 15. a4 Rfd8 16. Ba3 c5 17. Nb5 Bb7 18. Bb2 Ne4 19. dxc5 Ndxc5 20. Bxg7 Kxg7 21. b4 Nxa4 22. Qa2 a6 23. Qxa4 axb5 24. Qa1+ Kg8 25. cxb5 Nd6 26. Nd4 Rxc1 27. Rxc1 Rc8 28. Nc6 Qc7 29. Qf6 Bxc6 30. bxc6 b5 31. Rc5 Qb6 32. c7 Nb7 33. Rxd5 Rxc7 34. h4 Rc8 35. Rd7 Nd8 36. h5 gxh5 37. Be4 Rc1+ 38. Kg2 Rc8 39. Qh6 1-0

[Event "LIB-ch 44th"]
[Site "Beirut"]
[Date "2019.01.28"]
[Round "10"]
[White "Kaloust, Giorgio"]
[Black "Najjar, Ahmad"]
[Result "0-1"]
[WhiteElo "1822"]
[BlackElo "2210"]
[PlyCount "78"]
[EventDate "2019.01.17"]
[EventType "tourn"]
[EventRounds "11"]
[EventCountry "LBN"]
[SourceTitle "CBM 188 Extra"]
[Source "ChessBase"]
[SourceDate "2019.02.26"]
[SourceVersion "1"]
[SourceVersionDate "2019.02.26"]
[SourceQuality "1"]

1. d4 g6 2. Bf4 Bg7 3. c3 d6 4. Nf3 Nf6 5. e3 0-0 6. Be2 b6 7. 0-0 Bb7 8. h3 Nbd7 9. a4 a6 10. Nbd2 Re8 11. Nc4 Nf8 12. Qc1 Qd7 13. Rd1 Rad8 14. b4 Qc8 15. b5 a5 16. Qb2 h6 17. Bh2 g5 18. Ncd2 Ng6 19. Rac1 g4 20. hxg4 Nxg4 21. Bg3 e5 22. Qb3 Qf5 23. e4 Qf6 24. d5 h5 25. Qc4 Re7 26. Nf1 Bh6 27. Rc2 Kg7 28. N1h2 Bc8 29. Qd3 Bf4 30. Ne1 Rh8 31. Bxf4 exf4 32. Qd4 N6e5 33. Nef3 Rh6 34. Nxe5 dxe5 35. Qd3 Qh4 36. Nf1 Qxf2+ 37. Kh1 Qc5 38. Qf3 Nf2+ 39. Kh2 Bg4 0-1

[Event "LIB-ch 44th"]
[Site "Beirut"]
[Date "2019.01.18"]
[Round "2"]
[White "Khairallah, Faisal"]
[Black "Kaloust, Giorgio"]
[Result "1-0"]
[WhiteElo "2274"]
[BlackElo "1822"]
[PlyCount "125"]
[EventDate "2019.01.17"]
[EventType "tourn"]
[EventRounds "11"]
[EventCountry "LBN"]
[SourceTitle "CBM 188 Extra"]
[Source "ChessBase"]
[SourceDate "2019.02.26"]
[SourceVersion "1"]
[SourceVersionDate "2019.02.26"]
[SourceQuality "1"]

1. d4 Nf6 2. Bg5 Ne4 3. Bf4 c5 4. f3 Qa5+ 5. c3 Nf6 6. d5 Qb6 7. Bc1 d6 8. e4 g6 9. c4 Bg7 10. Ne2 0-0 11. Nec3 Na6 12. Be2 Bd7 13. 0-0 Rfb8 14. Kh1 Qd8 15. Bg5 Nc7 16. a4 b6 17. f4 a6 18. Na3 h6 19. Bh4 Nce8 20. Qd2 Nh7 21. Bd3 Bc8 22. Nc2 Qc7 23. Rae1 e5 24. dxe6 fxe6 25. f5 g5 26. Bg3 e5 27. h4 g4 28. Nd5 Qf7 29. Be2 h5 30. Bf2 Nhf6 31. Nxf6+ Bxf6 32. Ne3 Bb7 33. Nd5 Bxd5 34. exd5 a5 35. Qh6 Ra7 36. Bd3 Qh7 37. Qd2 Qe7 38. g3 Qg7 39. Be3 Qh8 40. Bg5 Rg7 41. Ra1 Ra7 42. Kg2 Rg7 43. Be4 Ra7 44. Ra3 Rab7 45. Rb3 Ra7 46. Rd3 Rg7 47. Rb3 Ra7 48. Bc2 Rab7 49. Ra3 Ra7 50. Raa1 Rg7 51. Rae1 Ra7 52. Re4 Rg7 53. Bd1 Rbb7 54. Be2 Qh7 55. Bd3 Qh8 56. Ree1 Rb8 57. Re2 Ra7 58. Ref2 Rg7 59. Be4 Rbb7 60. Qe3 Rbc7 61. Qb3 Rb7 62. Qb5 Rgc7 63. Qxe8+ 1-0

[Event "Beirut Christmas op 20th"]
[Site "Beirut"]
[Date "2018.12.30"]
[Round "7"]
[White "Kaloust, Giorgio"]
[Black "Barakat, Rafic"]
[Result "1-0"]
[WhiteElo "1822"]
[BlackElo "2011"]
[PlyCount "101"]
[EventDate "2018.12.22"]
[EventType "swiss"]
[EventRounds "7"]
[EventCountry "LBN"]
[SourceTitle "CBM 188 Extra"]
[Source "ChessBase"]
[SourceDate "2019.02.26"]
[SourceVersion "1"]
[SourceVersionDate "2019.02.26"]
[SourceQuality "1"]

1. d4 d5 2. c4 e6 3. Nc3 Nf6 4. cxd5 exd5 5. Bg5 Be7 6. e3 0-0 7. Bd3 h6 8. Bh4 Re8 9. Nf3 c6 10. Qc2 a5 11. 0-0 Ne4 12. Bxe7 Qxe7 13. Ne5 Nd6 14. f4 f5 15. Rf3 Nd7 16. Bxf5 Nxf5 17. Qxf5 Nxe5 18. Qxe5 Qf7 19. Qd6 Bg4 20. Rg3 Bf5 21. Re1 Re6 22. Qc5 b5 23. Nd1 Qc7 24. h3 Rae8 25. Rf3 Qe7 26. Qxe7 R8xe7 27. Nf2 Kf7 28. g4 Be4 29. Nxe4 Rxe4 30. Kf2 Kf6 31. Rc1 Rc7 32. Ke2 Ke6 33. Kd3 Kd6 34. f5 Rf7 35. Rcf1 Rf6 36. Rf4 Re8 37. h4 Rc8 38. g5 hxg5 39. hxg5 Rf7 40. Rh1 Rcf8 41. e4 dxe4+ 42. Kxe4 Re8+ 43. Kf3 Kd5 44. Rh7 Rfe7 45. Kg4 Re4 46. Rxg7 Rxf4+ 47. Kxf4 Re4+ 48. Kf3 Re1 49. Rd7+ Kc4 50. g6 Rf1+ 51. Ke4 1-0

[Event "Beirut Christmas op 20th"]
[Site "Beirut"]
[Date "2018.12.28"]
[Round "5"]
[White "Kaloust, Giorgio"]
[Black "Najjar, Ahmad"]
[Result "0-1"]
[WhiteElo "1822"]
[BlackElo "2210"]
[PlyCount "84"]
[EventDate "2018.12.22"]
[EventType "swiss"]
[EventRounds "7"]
[EventCountry "LBN"]
[SourceTitle "CBM 188 Extra"]
[Source "ChessBase"]
[SourceDate "2019.02.26"]
[SourceVersion "1"]
[SourceVersionDate "2019.02.26"]
[SourceQuality "1"]

1. d4 g6 2. Nf3 Bg7 3. c3 Nf6 4. Bf4 d6 5. e3 0-0 6. Be2 b6 7. 0-0 Bb7 8. h3 Nbd7 9. Nbd2 Re8 10. a4 e5 11. Bh2 e4 12. Ne1 a5 13. Nc2 h5 14. Na3 Nd5 15. Nb5 N7f6 16. Qb3 Bf8 17. c4 Nb4 18. c5 Ba6 19. cxd6 c6 20. Nc3 Bxe2 21. Nxe2 Bxd6 22. Bxd6 Qxd6 23. Nc3 Kg7 24. f3 exf3 25. Rxf3 Qe6 26. Raf1 Qxb3 27. Nxb3 Re6 28. Nd2 Ra7 29. Nc4 Nfd5 30. Nxd5 Nxd5 31. Re1 b5 32. axb5 cxb5 33. Ne5 a4 34. Kf2 b4 35. Nd3 a3 36. bxa3 bxa3 37. Nc5 Rb6 38. e4 a2 39. Ra1 Rb1 40. Nb3 Nb4 41. Rc3 Ra3 42. Nd2 Rxc3 0-1

[Event "Beirut Christmas op 20th"]
[Site "Beirut"]
[Date "2018.12.22"]
[Round "1"]
[White "Kaloust, Giorgio"]
[Black "Hamdoun, Karim"]
[Result "1-0"]
[WhiteElo "1822"]
[BlackElo "1223"]
[PlyCount "85"]
[EventDate "2018.12.22"]
[EventType "swiss"]
[EventRounds "7"]
[EventCountry "LBN"]
[SourceTitle "CBM 188 Extra"]
[Source "ChessBase"]
[SourceDate "2019.02.26"]
[SourceVersion "1"]
[SourceVersionDate "2019.02.26"]
[SourceQuality "1"]

1. d4 d5 2. c4 c6 3. cxd5 cxd5 4. Nc3 Nf6 5. Nf3 Nc6 6. Bf4 Bf5 7. e3 e6 8. Bb5 a6 9. Bxc6+ bxc6 10. 0-0 Be7 11. Rc1 0-0 12. Na4 Rc8 13. Ne5 Qe8 14. Nb6 Rc7 15. Qa4 c5 16. Ng6 Rb7 17. Nxf8 Rxb6 18. Qxe8 Nxe8 19. Nd7 Rxb2 20. dxc5 e5 21. Nxe5 Rxa2 22. c6 Ba3 23. Ra1 Rxa1 24. Rxa1 Bb2 25. Rxa6 g5 26. Bg3 f6 27. Nf3 g4 28. Nd4 Bd3 29. Ra8 Kf7 30. c7 Nxc7 31. Bxc7 Bxd4 32. exd4 Ke7 33. f3 f5 34. fxg4 fxg4 35. Kf2 Kd7 36. Be5 Bb5 37. Rg8 h5 38. Rg5 Ke8 39. Rxh5 Bd7 40. Rh8+ Ke7 41. Rh7+ Ke8 42. Re7+ Kxe7 43. Kg3 1-0

[Event "Beirut op 9th"]
[Site "Beirut"]
[Date "2017.10.03"]
[Round "5"]
[White "Kaloust, Giorgio"]
[Black "Fakhoury, Dory"]
[Result "1-0"]
[WhiteElo "1764"]
[BlackElo "1402"]
[PlyCount "60"]
[EventDate "2017.09.30"]
[EventType "swiss"]
[EventRounds "9"]
[EventCountry "LBN"]
[SourceTitle "CBM 181 Extra"]
[Source "ChessBase"]
[SourceDate "2017.12.12"]
[SourceVersion "1"]
[SourceVersionDate "2017.12.12"]
[SourceQuality "1"]

1. d4 Nf6 2. c4 c5 3. d5 b5 4. cxb5 a6 5. b6 Qxb6 6. Nc3 d6 7. e4 g6 8. Be2 Bg7 9. Nf3 Qb4 10. a3 Qa5 11. 0-0 Bb7 12. Nd2 0-0 13. Nc4 Qc7 14. a4 Nbd7 15. a5 Rfd8 16. Bf4 Ne5 17. Bxe5 dxe5 18. Qc2 e6 19. dxe6 fxe6 20. Rfd1 Rd4 21. f3 Bc6 22. Nb6 Ra7 23. Bc4 Bd7 24. Ne2 Bh6 25. Nxd4 Be3+ 26. Kh1 Bxd4 27. Qb3 Kf7 28. Rac1 Ne8 29. Be2 Nd6 30. Qa2 Nc8 1-0